MARC

LEADER 00000nam0a2200000 4500
001 50971
005 20231031034139.0
010 |a 5217008644 
035 |a (RuTPU)RU\TPU\book\53359 
090 |a 50971 
100 |a 20030423d1990 m y0rusy50 ca 
101 0 |a rus 
102 |a RU 
105 |a a j 001zy 
200 1 |a Лопастные машины и гидродинамические передачи  |e учебник  |f С. П. Стесин, Е. А. Яковенко 
210 |a Москва  |c Машиностроение  |d 1990 
215 |a 239 с.  |c ил. 
225 1 |a Для вузов 
320 |a Библиогр.: с. 234-238 
610 1 |a гидравлические машины 
610 1 |a лопастные машины 
610 1 |a гидродинамические характеристики 
610 1 |a гидродвигатели 
610 1 |a гидротрансформаторы 
610 1 |a учебники 
610 1 |a гидроприводы 
610 1 |a гидропневмоавтоматика 
675 |a 621.22(075.8)  |v 3 
675 |a 62-585.2(075.8)  |v 3 
700 1 |a Стесин  |b С. П.  |g Савелий Павлович 
701 1 |a Яковенко  |b Е. А.  |g Елена Андреевна 
801 1 |a RU  |b 63413507  |c 20030423  |g PSBO 
801 2 |a RU  |b 63413507  |c 20200709  |g PSBO 
942 |c BK